Normal view
MARC view
- حقوق الانسان - قانون دولي -- القانون الدولي الإنساني
Entry Topical Term
001 - CONTROL NUMBER
- control field: 33757
003 - CONTROL NUMBER IDENTIFIER
- control field: JO-AjAnu
005 - DATE AND TIME OF LATEST TRANSACTION
- control field: 20230606075648.0
008 - FIXED-LENGTH DATA ELEMENTS
- fixed length control field: 230606|| aca||aabn | a|a d
040 ## - CATALOGING SOURCE
- Original cataloging agency: JO-AjAnu
- Transcribing agency: JO-AjAnu
150 ## - HEADING--TOPICAL TERM
- Topical term or geographic name entry element: حقوق الانسان - قانون دولي -- القانون الدولي الإنساني
670 ## - SOURCE DATA FOUND
- Source citation: Work cat.: (JO-AjAnu)17339: إعداد ، نخبة من المتخصصين والخبراء ، تقديم سرور ، أحمد فتحي , author 33756, القانون الدولي الإنساني : دليل للتطبيق على الصعيد الوطني